| 000 | 01812nam a22005177i 4500 | ||
|---|---|---|---|
| 003 | URS | ||
| 005 | 20220114152429.0 | ||
| 007 | t| | ||
| 008 | 160908b xxu||||| |||| 00| 0 eng d | ||
| 010 |
_a 93641998 _zsn 97006640 |
||
| 016 | 7 |
_a9887860 _2DNLM |
|
| 016 | 7 |
_aSR0078629 _2DNLM |
|
| 022 | 0 |
_a1069-6407 _l1069-6407 _y1096-4223 _21 |
|
| 035 | _a(OCoLC)ocm26898575 | ||
| 037 | _bDushkin Pub. Group, Sluice Dock, Guilford, Conn. 06437 | ||
| 040 |
_aArStC _erda _cArStC _dDLC _dNSDP _dDLC _dDNLM _dOCoLC _dWaU _dOCoLC _dTULIB _dInU _beng |
||
| 042 |
_apcc _ansdp |
||
| 043 | _an-us--- | ||
| 050 | 0 | 0 |
_aHQ1073.5.U6 _bA57 2011 |
| 130 | 0 | _aDying, death, and bereavement (Guilford, Conn.) | |
| 210 | 0 | _aDying death bereave. | |
| 222 | 0 | _aDying, death, and bereavement | |
| 245 | 1 | 0 | _aDying, death, and bereavement. |
| 264 | 1 |
_aGuilford, Conn. : _bDushkin Pub. Group, _c[1993-] |
|
| 264 | 4 | _c©1993- | |
| 300 |
_avolume : _billustrations ; _c28cm |
||
| 310 | _aAnnual | ||
| 336 |
_atext _btxt _2rdacontent |
||
| 337 |
_aunmediated _bn _2rdamedia |
||
| 338 |
_avolume _bnc _2rdacarrier |
||
| 362 | 0 | _a1st ed.- | |
| 490 | 1 | _aAnnual editions | |
| 500 | _aPublished by: McGraw-Hill Companies, <9th edition-> | ||
| 500 | _aSome years not published. | ||
| 588 | _aLatest issue consulted: 9th edition, c2007. | ||
| 590 | _aSERBIB/SERLOC merged record | ||
| 650 | 0 |
_aDeath _xSocial aspects _zUnited States _vPeriodicals. |
|
| 650 | 0 |
_aBereavement _vPeriodicals. |
|
| 650 | 4 |
_aDeath _xSocial aspects _zUnited States _xPeriodicals. |
|
| 650 | 4 |
_aBereavement _xPeriodicals. |
|
| 776 | 0 | 8 |
_iOnline version: _tDying, death, and bereavement (Guilford, Conn.) _x1069-6407 _w(OCoLC)765734028 |
| 830 | 0 | _aAnnual editions. | |
| 906 |
_a7 _bcbc _cserials _d2 _encip _f19 _gn-oclcserc |
||
| 942 |
_2ddc _cFR |
||
| 999 |
_c6553 _d6553 |
||